000 00308nam a22001337a 4500
082 _a823
_bSUD/J
100 _aSUDIP
245 _aJACK AND THE BEANSTALK
246 _aJACK AND THE BEANSTALK
_bJACK AND THE BEANSTALK
260 _aTHRISSUR
_bH&C
_c2022
300 _a48
650 _aENGLISH STORY
942 _cBK
999 _c9112
_d9112